000 00403nam a2200157Ia 4500
003 GCL
008 140319s9999 xx 000 0 eng d
040 _aGCL /
_cGCL
082 0 4 _a574.19245
_bW P
100 1 _aWEBER, GREGORIO
245 1 0 _aPROTEIN INTERACTIONS /
_cWEBER, GREGORIO
260 _a[S.N] :
_bCHAPMAN & HALL ،
_c1992
300 _a293 P
650 0 4 _aPROTEIN - BINDING
942 _2ddc
_cBK
999 _c21956
_d21956